European valuation standards 2009 (Record no. 109467)
[ view plain ]
| 000 -LEADER | |
|---|---|
| fixed length control field | 02156cad a22002775a 4500 |
| 001 - CONTROL NUMBER | |
| control field | L147168 |
| 008 - FIXED-LENGTH DATA ELEMENTS--GENERAL INFORMATION | |
| fixed length control field | 090408s2009 xxk f 000 0 eng d |
| 035 ## - SYSTEM CONTROL NUMBER | |
| System control number | (Sirsi) u147168 |
| 041 0# - LANGUAGE CODE | |
| Language code of text/sound track or separate title | eng |
| 050 04 - LIBRARY OF CONGRESS CALL NUMBER | |
| Classification number | 333.32 $2 18 |
| 110 2# - MAIN ENTRY--CORPORATE NAME | |
| Corporate name or jurisdiction name as entry element | TEGoVA |
| 9 (RLIN) | 3466 |
| 245 00 - TITLE STATEMENT | |
| Title | European valuation standards 2009 |
| Medium | [electronic resource] |
| 250 ## - EDITION STATEMENT | |
| Edition statement | 6th ed. |
| 260 ## - PUBLICATION, DISTRIBUTION, ETC. | |
| Place of publication, distribution, etc. | [S.l.] |
| Name of publisher, distributor, etc. | TEGoVA |
| Date of publication, distribution, etc. | 2009 |
| 505 2# - FORMATTED CONTENTS NOTE | |
| Formatted contents note | Part 1 European Valuation Standards (EVS) -- EVS1 Market value -- EVS2 Valuation bases other than market value -- EVS3 The qualified valuer -- EVS4 The valuation process -- EVS5 Reporting the valuation |
| 505 2# - FORMATTED CONTENTS NOTE | |
| Formatted contents note | Part 2 European Valuation applications (EVA)-- EVA1 Valuation for the purpose of financial reporting -- EVA2 Valuation for lending purposes -- EVA3 Property valuation for securitisation purposes -- EVA4 Assessment of insurable value -- EVA5 Application of investment value (worth) for individual investors |
| 520 ## - SUMMARY, ETC. | |
| Summary, etc. | Provides a new, updated set of valuation standards (also known as the 'Blue Book') to ensure valuations which are consistent across Europe and whose quality can be relied upon as a common benchmark for the financial industry and clients across the European Union (EU). By embedding the concept of best practice throughout, emphasises the importance of ethical behaviour and demonstrating transparency of the instruction from inception through to completion. Acknowledging developments in International Valuation Standards 2005 and 2007, uses definitions that are in common with International Valuation Standards and that are in accord with EU Directives, specifically the definition of market value. Does not address any country specific issues or valuation methodology. |
| 520 ## - SUMMARY, ETC. | |
| Summary, etc. | Superseded by 7th edition 2012 (ISBN 9789081906005) (L1567025). Supersedes 5th edition 2003 (ISBN 072820414 2) (No L number) |
| 521 21 - TARGET AUDIENCE NOTE | |
| Target audience note | Expert |
| 590 ## - LOCAL NOTE (RLIN) | |
| Local note | KA NTK |
| 650 24 - SUBJECT ADDED ENTRY--TOPICAL TERM | |
| Topical term or geographic name entry element | INTERNATIONAL VALUATION STANDARDS |
| 651 #4 - SUBJECT ADDED ENTRY--GEOGRAPHIC NAME | |
| Geographic name | International |
| 690 ## - LOCAL SUBJECT ADDED ENTRY--TOPICAL TERM (OCLC, RLIN) | |
| Topical term or geographic name as entry element | PROPERTY-PROPERTY APPRAISAL AND VALUATION |
| 856 40 - ELECTRONIC LOCATION AND ACCESS | |
| Uniform Resource Identifier | <a href="https://www.tegova.org/en/p49ccff9f14ad1">https://www.tegova.org/en/p49ccff9f14ad1</a> |
| Public note | View the standards free of charge at www.tegova.org |
| 942 ## - ADDED ENTRY ELEMENTS (KOHA) | |
| Suppress in OPAC | 0 |
| Withdrawn status | Lost status | Source of classification or shelving scheme | Damaged status | Not for loan | Home library | Current library | Shelving location | Date acquired | Total Checkouts | Full call number | Barcode | Date last seen | Copy number | Price effective from | Koha item type |
|---|---|---|---|---|---|---|---|---|---|---|---|---|---|---|---|
| Dewey Decimal Classification | London | London | Books | 20/01/2010 | 333.332 EUR | 30076901 | 06/08/2019 | 1 | 06/08/2019 | Book | |||||
| Dewey Decimal Classification | Virtual | Virtual | Online | 08/04/2009 | ONLINE PUBLICATION | 147168-1001 | 06/08/2019 | 1 | 06/08/2019 | Book |